Southville International School and Colleges
Your cart is empty.
  • Cart
  • Lists
    Public lists Eva Luna New books Lux_list list_1
    Your lists Log in to create your own lists
  • Log in to your account
  • Your cookies
  • Search history
Southville International School and Colleges
  • Advanced search
  • Recent comments
  • Most popular
  • Libraries

Log in to your account

Log in with GOOGLE


If you do not have an external account, but do have a local account, you can still log in:

  1. Home
  2. MARC view: Talking to Jesus /
Normal view MARC view ISBD view

Talking to Jesus / (Record no. 111762)

[ view plain ]
MARC details
000 -LEADER
fixed length control field 00421nam a2200157 a 4500
001 - CONTROL NUMBER
control field 1680
005 - DATE AND TIME OF LATEST TRANSACTION
control field 20140414131921.0
008 - FIXED-LENGTH DATA ELEMENTS--GENERAL INFORMATION
fixed length control field 001109s19uu xx 00 eng d
020 ## - INTERNATIONAL STANDARD BOOK NUMBER
International Standard Book Number 971-511-241-2
050 ## - LIBRARY OF CONGRESS CALL NUMBER
Classification number ER
Item number T14 1991
245 ## - TITLE STATEMENT
Title Talking to Jesus /
Statement of responsibility, etc illustrations by Jonathan de Vera.
260 ## - PUBLICATION, DISTRIBUTION, ETC. (IMPRINT)
Place of publication, distribution, etc Manila :
Name of publisher, distributor, etc OMF Literature,
Date of publication, distribution, etc 1991.
300 ## - PHYSICAL DESCRIPTION
Extent 33 p. ; cm.
650 ## - SUBJECT ADDED ENTRY--TOPICAL TERM
Topical term or geographic name as entry element Prayer, childrens.
Holdings
Withdrawn status Lost status Damaged status Use restrictions Home library Current library Shelving location Date acquired Source of acquisition Total Checkouts Full call number Barcode Date last seen Price effective from Koha item type
        Munich Library Munich Library Easy Reading Section 12/29/2004     ER T14 1991 M2646 04/14/2014 04/14/2014 Books

Talking to Jesus /

APA

(1991). Talking to Jesus. Manila: OMF Literature.

Chicago

1991. Talking to Jesus. Manila: OMF Literature.

Harvard

(1991). Talking to Jesus. Manila: OMF Literature.

MLA

Talking to Jesus. Manila: OMF Literature. 1991.

  • Place hold
  • Print
  • Cite
  • Add to your cart (remove)
  • Save record
    BIBTEX Dublin Core MARCXML MARC (non-Unicode/MARC-8) MARC (Unicode/UTF-8) MARC (Unicode/UTF-8, Standard) MODS (XML) RIS
  • More searches
    Search for this title in:
    Other Libraries (WorldCat) Other Databases (Google Scholar) Online Stores (Bookfinder.com) Open Library (openlibrary.org)

Exporting to Dublin Core...

SOUTHVILLE LIBRARY

Southville International School and Colleges Library

1281 Tropical Ave. Cor. Luxembourg St., BF Homes International, Las Pinas City

Tel. No. 8256374 / 252358 Loc. 117/146

Powered by Koha